[Event "7th World Team Championship"]
[Site "Bursa TUR"]
[Date "2010.01.07"]
[Round "3"]
[White "Akobian,V"]
[Black "Vitiugov,N"]
[Result "0-1"]
[WhiteElo "2628"]
[BlackElo "2692"]
[EventDate "2010.01.05"]

1. d4 d5 2. c4 c6 3. Nc3 dxc4 4. e4 b5 5. a4 b4 6. Nb1 Ba6 7. Qc2 Nf6 8.
Bxc4 Bxc4 9. Qxc4 Nxe4 10. Qxb4 e5 11. Qb7 Qxd4 12. Qc8+ Qd8 13. Qxd8+ Kxd8
14. Nd2 Bb4 15. Ngf3 Nd7 16. Ke2 Nd6 17. Nb3 Ke7 18. Bd2 Rab8 19. Rhc1 Rhc8
20. Rc2 c5 21. Be3 c4 22. Nbd2 Bc5 23. Rac1 Bxe3 24. fxe3 f6 25. Nxc4 Nxc4
26. Rxc4 Rxb2+ 27. Nd2 Rxc4 28. Rxc4 Ra2 29. Kd3 Rxa4 30. Rc7 Kd8 31. Rc3
e4+ 32. Ke2 Nb6 33. g4 Kd7 34. h4 Kd6 35. Rb3 g6 36. Rb5 Kc6 37. Rb1 Nd5
38. Rc1+ Kd6 39. Rc8 f5 40. gxf5 gxf5 41. Nc4+ Kd7 42. Rc5 Ra2+ 43. Ke1 Ne7
44. h5 Ke6 45. Rc7 Rc2 46. Kd1 Rc3 47. Kd2 Kf6 48. h6 Nd5 49. Rc5 Rd3+ 50.
Ke2 f4 51. exf4 Nxf4+ 52. Kf2 Rf3+ 53. Kg1 e3 54. Rc6+ Kg5 55. Nxe3 Rxe3
56. Rc7 Kxh6 57. Rxa7 Re2 58. Rf7 Nh5 59. Kh1 Kg6 60. Rf3 Ra2 61. Kg1 Nf6
62. Rg3+ Kf5 63. Rf3+ Kg5 64. Rg3+ Ng4 65. Rb3 Kf4 66. Rb5 Kf3 67. Rb3+ Ne3
68. Kh1 h5 69. Kg1 Re2 70. Kh1 Kg3 71. Rb1 Nc2 72. Rg1+ Kh3 73. Rg2 Re1+
0-1

[Event "7th World Team Championship"]
[Site "Bursa TUR"]
[Date "2010.01.07"]
[Round "3"]
[White "Abdel Razik,K"]
[Black "Banikas,H"]
[Result "1/2-1/2"]
[WhiteElo "2468"]
[BlackElo "2608"]
[EventDate "2010.01.05"]

1. d4 Nf6 2. c4 e6 3. Nc3 Bb4 4. e3 O-O 5. Nge2 d5 6. a3 Be7 7. Nf4 c6 8.
Bd3 Nbd7 9. cxd5 exd5 10. O-O Bd6 11. g3 Re8 12. Re1 a5 13. Bf1 Nf8 14. Bg2
h6 15. f3 Bc7 16. b3 Bf5 17. Ra2 Qd7 18. Nd3 Bxd3 19. Qxd3 Ne6 20. Rae2 Re7
21. Kh1 Rae8 22. Rd1 Rd8 23. Bb2 Ng5 24. Ree1 h5 25. Qf1 Qf5 26. Qd3 Qc8
27. Qf1 Rde8 28. Bc1 Qf5 29. Qd3 Qc8 30. Qf1 Qf5 31. Qd3 Qxd3 32. Rxd3 Ne6
33. Kg1 Bb6 34. Red1 Ba7 35. b4 axb4 36. axb4 b5 37. Kf1 Rd8 38. Ne2 Ne8
39. e4 Nd6 40. exd5 cxd5 41. Nc3 Rc7 1/2-1/2

[Event "7th World Team Championship"]
[Site "Bursa TUR"]
[Date "2010.01.09"]
[Round "5"]
[White "Mamedov,Nid"]
[Black "Sarwat,W"]
[Result "1-0"]
[WhiteElo "2610"]
[BlackElo "2386"]
[EventDate "2010.01.05"]

1. e4 e5 2. Nf3 Nc6 3. Bb5 a6 4. Ba4 Nf6 5. O-O Be7 6. Re1 b5 7. Bb3 O-O 8.
d3 d6 9. c3 Na5 10. Bc2 c5 11. Nbd2 Re8 12. Nf1 h6 13. h3 Nc6 14. Ne3 Bf8
15. Nh2 Be6 16. Nhg4 Nxg4 17. hxg4 Ne7 18. Qf3 d5 19. Nf5 Nc6 20. Bb3 dxe4
21. dxe4 Bxb3 22. axb3 Qc7 23. Ne3 Ne7 24. c4 Nc6 25. Nd5 Qd6 26. Bd2 Be7
27. Red1 Bg5 28. Bc3 Rad8 29. Qd3 Ne7 30. Ba5 Rc8 31. cxb5 axb5 32. Qxb5
Qg6 33. Qe2 Nc6 34. Bc3 Nd4 35. Bxd4 exd4 36. Re1 Rb8 37. Qf3 Bd2 38. Re2
Bg5 39. Rd1 Qc6 40. g3 Rb7 41. Kg2 Reb8 42. b4 cxb4 43. Rxd4 b3 44. Rd3 Qa6
45. Rc3 Rd7 46. Qd3 Qa4 47. Qc4 Qxc4 48. Rxc4 Ra7 49. f4 Bd8 50. Kf3 Ra1
51. e5 Rf1+ 52. Ke4 Rg1 53. Rc3 Ba5 54. Rd3 Rc1 55. Ree3 Rc4+ 56. Kf3 Rc2
57. Rxb3 Rxb2 58. Rxb2 Rxb2 59. f5 Bd2 60. Ra3 Rb8 61. Ke4 Re8 62. Nb6 Be1
63. Nc4 Rc8 64. Nd6 Rc7 65. Ra8+ Kh7 66. e6 fxe6 67. fxe6 Bb4 68. Nf5 g6
69. Ne3 Bd6 70. Nd5 Rc4+ 71. Kd3 Rc1 72. Ra7+ Kh8 73. Nf6 1-0

[Event "7th World Team Championship"]
[Site "Bursa TUR"]
[Date "2010.01.11"]
[Round "7"]
[White "Guseinov,G"]
[Black "Fier,A"]
[Result "1/2-1/2"]
[WhiteElo "2614"]
[BlackElo "2601"]
[EventDate "2010.01.05"]

1. e4 c5 2. Nf3 d6 3. d4 cxd4 4. Nxd4 Nf6 5. Nc3 g6 6. Be3 Bg7 7. f3 O-O 8.
Qd2 Nc6 9. Bc4 Bd7 10. O-O-O Rb8 11. h4 b5 12. Be2 Nxd4 13. Bxd4 Qa5 14.
Nd5 Qxd2+ 15. Rxd2 Nxd5 16. Bxg7 Kxg7 17. exd5 b4 18. Re1 a5 19. b3 Rfc8
20. Ba6 Re8 21. Kb2 Bb5 22. Bxb5 Rxb5 23. a3 Kf6 24. Re4 e5 25. dxe6 Rxe6
26. axb4 axb4 27. Rf4+ Ke7 28. Rdd4 Re2 29. Rde4+ Rxe4 30. Rxe4+ Kd7 31. c3
bxc3+ 32. Kxc3 h5 33. Rf4 Rc5+ 34. Kd3 Rd5+ 35. Kc3 Rc5+ 36. Kd3 Rd5+ 37.
Kc3 1/2-1/2

[Event "7th World Team Championship"]
[Site "Bursa TUR"]
[Date "2010.01.12"]
[Round "8"]
[White "Mastrovasilis,A"]
[Black "Mamedov,Rau"]
[Result "1/2-1/2"]
[WhiteElo "2510"]
[BlackElo "2640"]
[EventDate "2010.01.05"]

1. c4 g6 2. g3 Bg7 3. Bg2 d6 4. Nc3 e5 5. d3 Nc6 6. e4 Nd4 7. Nce2 Ne6 8.
Be3 Ne7 9. Qd2 c6 10. d4 exd4 11. Nxd4 Nxd4 12. Bxd4 Bxd4 13. Qxd4 Qa5+ 14.
Qd2 Qxd2+ 15. Kxd2 Be6 16. b3 c5 17. Ne2 Nc6 18. h4 a6 19. a4 Ke7 20. a5
Rab8 21. Ra3 b5 22. axb6 Rxb6 23. Rc1 Rhb8 24. Rc3 a5 25. Kc2 Bd7 26. Kd2
Be6 27. Kc2 Bg4 28. f3 Bd7 29. Kd2 a4 30. bxa4 Rb2+ 31. Kd1 Na5 32. Nf4
Rb1+ 33. Rc1 Nxc4 34. Nd5+ Kf8 35. Rac3 Bxa4+ 36. Ke1 Ne5 37. Rxb1 Rxb1+
38. Kf2 h5 39. Bf1 Bd1 40. Bg2 c4 41. g4 hxg4 42. f4 Nf3 43. Rxc4 Nxh4 44.
Bf1 Bf3 45. Nf6 Ke7 46. Nd5+ Kd8 47. Ra4 Kc8 48. Bd3 Rb2+ 49. Kg3 g5 50.
fxg5 Ng6 51. Bf1 Rb1 52. Bd3 Rb2 53. Bf1 Bd1 54. Rc4+ Kd8 55. Rc3 Bb3 56.
Nf6 Be6 57. Nxg4 Rb1 58. Ne3 Ne5 59. Ra3 Ke7 60. Bh3 Rg1+ 61. Bg2 Nc4 62.
Ra7+ Kd8 63. Nf1 d5 64. Kf2 Rxg2+ 65. Kxg2 dxe4 66. Kf2 Ke8 67. Ne3 Nxe3
68. Kxe3 Kf8 69. Kxe4 Kg7 70. Kf4 Bb3 71. Ra3 Bc4 72. Ra4 Bb3 73. Ra6 Bc4
74. Rf6 Ba2 75. Ke5 Bb1 76. Kd6 Bg6 77. Ke7 Bh5 78. Rb6 Bg6 79. Rb8 Bh5 80.
Rb4 Bg6 81. Rh4 Bf5 82. Rh6 Bg6 1/2-1/2